[Event "Berlin Lichtenrade op 15th"]
[Site "Berlin"]
[Date "2019.10.18"]
[Round "7"]
[White "Daverkausen, Bernd"]
[Black "Rettore, Ludwig"]
[Result "0-1"]
[WhiteElo "2122"]
[BlackElo "2068"]
[PlyCount "60"]
[EventDate "2019.10.12"]
[EventType "swiss"]
[EventRounds "9"]
[EventCountry "GER"]
[SourceTitle "CBM 192 Extra"]
[Source "Chessbase"]
[SourceDate "2019.11.06"]
[SourceVersion "1"]
[SourceVersionDate "2019.11.06"]
[SourceQuality "1"]

1. c4 f5 2. g3 Nf6 3. Bg2 g6 4. d4 Bg7 5. Nc3 0-0 6. Nh3 d6 7. d5 e5 8. dxe6 Bxe6 9. Qb3 Nbd7 10. Qxb7 Rb8 11. Qxa7 Bxc4 12. Qa4 Nb6 13. Qc2 d5 14. Nf4 d4 15. Na4 d3 16. exd3 Re8+ 17. Be3 Bf7 18. Nxb6 Rxb6 19. 0-0 Rxe3 20. fxe3 Ng4 21. Qa4 Nxe3 22. Rfe1 Nxg2 23. Nxg2 Bd4+ 24. Ne3 Re6 25. Kf2 f4 26. gxf4 Qh4+ 27. Kg2 Bxe3 28. Qa8+ Kg7 29. Qf3 Bxf4 30. Rxe6 Qxh2+ 0-1

[Event "Berlin Lichtenrade op 12th"]
[Site "Berlin"]
[Date "2016.10.27"]
[Round "6"]
[White "Schulz, Stefan"]
[Black "Rettore, Ludwig"]
[Result "0-1"]
[WhiteElo "1904"]
[BlackElo "2087"]
[PlyCount "56"]
[EventDate "2016.10.22"]
[EventType "swiss"]
[EventRounds "9"]
[EventCountry "GER"]
[SourceTitle "EXT 2018"]
[Source "ChessBase"]
[SourceDate "2017.10.13"]
[SourceVersion "1"]
[SourceVersionDate "2017.10.13"]
[SourceQuality "1"]

1. e4 c5 2. Nf3 e6 3. d4 cxd4 4. Nxd4 Nc6 5. Nc3 d6 6. g4 a6 7. Be3 Nge7 8. Nb3 b5 9. f4 Bb7 10. Qd2 Ng6 11. Qf2 Be7 12. 0-0-0 Qc7 13. h4 b4 14. Na4 Na5 15. Bd3 Nxb3+ 16. axb3 h5 17. gxh5 Rxh5 18. Qe2 Rxh4 19. Rxh4 Bxh4 20. f5 exf5 21. exf5 Ne5 22. Bb6 Qc6 23. Bc4 Be7 24. Bd5 Qc8 25. Qg2 Bxd5 26. Qxd5 Qc6 27. Qd2 Rc8 28. Ba5 Bg5 0-1

[Event "Berlin Lichtenrade op 12th"]
[Site "Berlin"]
[Date "2016.10.26"]
[Round "5"]
[White "Rettore, Ludwig"]
[Black "Buttkus, Andree"]
[Result "1/2-1/2"]
[WhiteElo "2087"]
[BlackElo "2024"]
[PlyCount "47"]
[EventDate "2016.10.22"]
[EventType "swiss"]
[EventRounds "9"]
[EventCountry "GER"]
[SourceTitle "EXT 2018"]
[Source "ChessBase"]
[SourceDate "2017.10.13"]
[SourceVersion "1"]
[SourceVersionDate "2017.10.13"]
[SourceQuality "1"]

1. Nf3 c5 2. e4 e6 3. d4 cxd4 4. Nxd4 Nc6 5. Nb5 d6 6. c4 Nf6 7. N1c3 a6 8. Na3 Be7 9. Be2 b6 10. Be3 Bb7 11. Qb3 Nd7 12. 0-0 0-0 13. Rac1 Nc5 14. Qd1 Nb4 15. Nc2 Nxc2 16. Qxc2 Rc8 17. b4 Nd7 18. Qb3 Bf6 19. Rfd1 Qc7 20. Bf4 Be5 21. Bxe5 Nxe5 22. Qb1 Qe7 23. Na4 Qc7 24. Nc3 1/2-1/2

[Event "Montigny le Bretonneux op 13th"]
[Site "Montigny le Bretonneux"]
[Date "2014.10.19"]
[Round "2"]
[White "Fruchard, Cyrille"]
[Black "Rettore, Ludwig"]
[Result "1-0"]
[WhiteElo "2011"]
[BlackElo "2135"]
[PlyCount "45"]
[EventDate "2014.10.18"]
[EventType "swiss"]
[EventRounds "9"]
[EventCountry "FRA"]
[SourceTitle "EXT 2016"]
[Source "ChessBase"]
[SourceDate "2015.10.08"]
[SourceVersion "1"]
[SourceVersionDate "2015.10.08"]
[SourceQuality "1"]

1. d4 d5 2. c4 e6 3. Nc3 c5 4. cxd5 exd5 5. Nf3 Nf6 6. Bg5 Be7 7. e3 c4 8. Qc2 Nc6 9. a3 0-0 10. Ne5 Be6 11. Be2 Nxe5 12. dxe5 Nd7 13. Bf4 f6 14. exf6 Bxf6 15. Rd1 Qa5 16. 0-0 Ne5 17. Bxe5 Bxe5 18. Nxd5 Rad8 19. Bxc4 Kh8 20. Qe4 Rfe8 21. Qxe5 Bxd5 22. Qg5 h6 23. Qh5 1-0

[Event "Montigny le Bretonneux Dames Noire 1st"]
[Site "Montigny le Bretonneux"]
[Date "2013.10.23"]
[Round "5"]
[White "Rettore, Ludwig"]
[Black "Guliyev, Namig"]
[Result "0-1"]
[WhiteElo "2113"]
[BlackElo "2559"]
[PlyCount "78"]
[EventDate "2013.10.19"]
[EventType "tourn"]
[EventRounds "9"]
[EventCountry "FRA"]
[EventCategory "4"]
[SourceTitle "EXT 2014"]
[Source "ChessBase"]
[SourceDate "2013.11.20"]
[SourceVersion "1"]
[SourceVersionDate "2013.11.20"]
[SourceQuality "1"]

1. Nf3 d5 2. g3 c6 3. Bg2 Bg4 4. 0-0 Nd7 5. d3 Ngf6 6. h3 Bh5 7. Nbd2 e5 8. e4 dxe4 9. dxe4 Be7 10. Qe1 0-0 11. Nh4 Re8 12. Nf5 Bf8 13. g4 Bg6 14. Qe2 Nc5 15. Rd1 Qc7 16. Nf1 b5 17. N1g3 Ne6 18. Qf3 Nf4 19. Bf1 Rad8 20. Be3 Nd7 21. Ne2 Ne6 22. h4 Bc5 23. c3 Bxe3 24. fxe3 Ndc5 25. Neg3 f6 26. h5 Ng5 27. Qg2 Bf7 28. h6 g6 29. Nh4 a5 30. b4 Na4 31. Nf3 Rxd1 32. Rxd1 Nxc3 33. Nxg5 Nxd1 34. Nxf7 Nxe3 35. Qd2 Nxf1 36. Kxf1 axb4 37. Nd6 Rd8 38. Qxb4 Qxd6 39. Qb3+ Kf8 0-1

[Event "Montigny le Bretonneux Dames Noire 1st"]
[Site "Montigny le Bretonneux"]
[Date "2013.10.20"]
[Round "2"]
[White "Moroni, Luca Jr"]
[Black "Rettore, Ludwig"]
[Result "0-1"]
[WhiteElo "2287"]
[BlackElo "2113"]
[PlyCount "98"]
[EventDate "2013.10.19"]
[EventType "tourn"]
[EventRounds "9"]
[EventCountry "FRA"]
[EventCategory "4"]
[SourceTitle "EXT 2014"]
[Source "ChessBase"]
[SourceDate "2013.11.20"]
[SourceVersion "1"]
[SourceVersionDate "2013.11.20"]
[SourceQuality "1"]

1. Nf3 Nf6 2. c4 e6 3. g3 d5 4. Bg2 Be7 5. 0-0 0-0 6. b3 c5 7. e3 b6 8. Bb2 Bb7 9. Nc3 Nbd7 10. Qe2 Rc8 11. Rac1 Qc7 12. d3 Rfd8 13. Rfd1 Qb8 14. e4 d4 15. Nb1 e5 16. Rf1 a6 17. Bh3 b5 18. Na3 Bc6 19. Rce1 Qc7 20. Bc1 b4 21. Nb1 a5 22. Nh4 Ra8 23. f4 a4 24. Nf5 Bf8 25. fxe5 Nxe5 26. Bg5 axb3 27. axb3 Ra6 28. Nh6+ gxh6 29. Bxf6 Bg7 30. Rf5 Bxf6 31. Rxf6 Rd6 32. Rf5 Rg6 33. Rf4 Nxd3 34. Qxd3 Qxf4 35. Bf5 Rg5 36. Rf1 Qe3+ 37. Qxe3 dxe3 38. Re1 Ra1 39. Kf1 Rxf5+ 40. exf5 Be4 41. Rxe3 Rxb1+ 42. Kf2 Rb2+ 43. Ke1 Bxf5 44. Re5 Be6 45. Rxc5 Rxb3 46. Rc7 Rc3 47. c5 b3 48. Kd2 Rc2+ 49. Kd3 Rxh2 0-1

[Event "ITA-ch sf 73rd"]
[Site "Civitanova Marche"]
[Date "2013.07.20"]
[Round "1"]
[White "Altini, Nicola"]
[Black "Rettore, Ludwig"]
[Result "1/2-1/2"]
[WhiteElo "2347"]
[BlackElo "2111"]
[PlyCount "120"]
[EventDate "2013.07.20"]
[EventType "swiss"]
[EventRounds "9"]
[EventCountry "ITA"]
[SourceTitle "EXT 2015"]
[Source "ChessBase"]
[SourceDate "2014.11.20"]
[SourceVersion "1"]
[SourceVersionDate "2014.11.20"]
[SourceQuality "1"]

1. d4 f5 2. g3 g6 3. Bg2 Nf6 4. Nf3 Bg7 5. c4 0-0 6. b4 d6 7. Bb2 e6 8. 0-0 Qe7 9. Nbd2 a5 10. bxa5 Nc6 11. a4 Nxa5 12. Re1 Ne4 13. Qc2 Bd7 14. d5 e5 15. Nxe4 fxe4 16. Nd2 e3 17. fxe3 Bh6 18. Ne4 Bxe3+ 19. Kh1 b6 20. Qd3 Bh6 21. Rf1 Nb7 22. Bc3 Bf5 23. Bb4 Qd7 24. Qb3 Bxe4 25. Bxe4 Rxf1+ 26. Rxf1 Qxa4 27. Qb1 Qd7 28. Kg2 Nc5 29. Bxc5 bxc5 30. Rf6 Rf8 31. Re6 Qf7 32. Bf3 Be3 33. Qd3 Bg5 34. h4 Bd8 35. Qe3 Kh8 36. Qh6 Qg7 37. Qe3 Qf7 38. Qh6 Qg7 39. Qd2 Qf7 40. Qe3 Kg7 41. h5 g5 42. Qe4 Qf5 43. h6+ Kg8 44. Qxf5 Rxf5 45. Re8+ Rf8 46. Rxf8+ Kxf8 47. Be4 g4 48. Bxh7 Bg5 49. Bf5 Bxh6 50. Bxg4 Kg7 51. Kf3 Kf6 52. Bd7 Kg5 53. Ke4 Bg7 54. Kd3 Bh6 55. e4 Bg7 56. Kc2 Bh6 57. Kb3 Kf6 58. Bf5 Ke7 59. Be6 Kf6 60. Ka4 Ke7 1/2-1/2

[Event "Lombardia Region-ch"]
[Site "Saronno"]
[Date "2013.05.24"]
[Round "1"]
[White "Rettore, Ludwig"]
[Black "Nordio, Giorgio"]
[Result "1-0"]
[WhiteElo "2120"]
[BlackElo "1668"]
[PlyCount "101"]
[EventDate "2013.05.24"]
[EventType "swiss"]
[EventRounds "5"]
[EventCountry "ITA"]
[SourceTitle "EXT 2015"]
[Source "ChessBase"]
[SourceDate "2014.11.20"]
[SourceVersion "1"]
[SourceVersionDate "2014.11.20"]
[SourceQuality "1"]

1. d4 c6 2. Nf3 d5 3. e3 Nf6 4. Bd3 Bg4 5. h3 Bh5 6. c4 e6 7. Qb3 Qc7 8. Nc3 Nbd7 9. Bd2 Be7 10. Rc1 Qb6 11. Qc2 Bg6 12. Bxg6 hxg6 13. 0-0 Bb4 14. cxd5 exd5 15. Na4 Qa5 16. Bxb4 Qxb4 17. Nc3 Qe7 18. b4 a6 19. a4 0-0 20. b5 Rfc8 21. Qb3 axb5 22. axb5 Qa3 23. Qxa3 Rxa3 24. bxc6 Rxc6 25. Ne2 Raa6 26. Nf4 Rxc1 27. Rxc1 Rc6 28. Rb1 Rb6 29. Ra1 Ra6 30. Rc1 Rc6 31. Rb1 Rb6 32. Rd1 Kf8 33. Ne5 Ke7 34. h4 Rd6 35. Rc1 Nh5 36. Nfd3 Ke6 37. Rc7 b6 38. g4 Nhf6 39. Nf4+ Ke7 40. Nc6+ Kf8 41. Rc8+ Ne8 42. g5 b5 43. Nb4 Nb6 44. Rc5 Ke7 45. Rxb5 Nc7 46. Rxb6 Rxb6 47. Nbxd5+ Kd6 48. Nxb6 Kc6 49. Nc4 Ne6 50. Nxe6 fxe6 51. Ne5+ 1-0

[Event "Milan Crespi op-A 33rd"]
[Site "Milan"]
[Date "2012.12.07"]
[Round "8"]
[White "Napoli, Nicolo"]
[Black "Rettore, Ludwig"]
[Result "1-0"]
[WhiteElo "2296"]
[BlackElo "2115"]
[PlyCount "73"]
[EventDate "2012.12.01"]
[EventType "swiss"]
[EventRounds "9"]
[EventCountry "ITA"]
[SourceTitle "CBM 151 Extra"]
[Source "ChessBase"]
[SourceDate "2012.12.18"]
[SourceVersion "1"]
[SourceVersionDate "2012.12.18"]
[SourceQuality "1"]

1. d4 f5 2. Qd3 e6 3. g4 d5 4. Nc3 Nf6 5. Bg5 Be7 6. gxf5 exf5 7. Bh3 0-0 8. Bxf5 Bxf5 9. Qxf5 c6 10. Nf3 Qd6 11. Rg1 Nbd7 12. Bf4 Qb4 13. Qe6+ Kh8 14. 0-0-0 Rae8 15. Ng5 Bc5 16. a3 Qc4 17. Qh3 Bxd4 18. Bd6 Bxc3 19. b3 Qxe2 20. Qxc3 Qxf2 21. Rg3 h6 22. Bxf8 hxg5 23. Rf3 Qe2 24. Bb4 c5 25. Bxc5 Rc8 26. Qe3 Qxe3+ 27. Bxe3 g4 28. Rg3 a6 29. Bd4 Re8 30. Re3 Rc8 31. Re7 Kg8 32. Bxf6 Nxf6 33. Rxb7 Rc3 34. Rd3 Rc6 35. a4 Re6 36. Rg3 Re1+ 37. Kb2 1-0

[Event "Milan Crespi op-A 33rd"]
[Site "Milan"]
[Date "2012.12.06"]
[Round "7"]
[White "Rettore, Ludwig"]
[Black "Lapiccirella, Daniele"]
[Result "1/2-1/2"]
[WhiteElo "2115"]
[BlackElo "2210"]
[PlyCount "46"]
[EventDate "2012.12.01"]
[EventType "swiss"]
[EventRounds "9"]
[EventCountry "ITA"]
[SourceTitle "CBM 151 Extra"]
[Source "ChessBase"]
[SourceDate "2012.12.18"]
[SourceVersion "1"]
[SourceVersionDate "2012.12.18"]
[SourceQuality "1"]

1. Nf3 d5 2. d4 Nf6 3. e3 e6 4. Nbd2 c5 5. c3 Nc6 6. Bd3 Bd6 7. 0-0 0-0 8. Re1 a6 9. e4 dxe4 10. Nxe4 Nxe4 11. Rxe4 h6 12. Rh4 f5 13. Rh3 Qf6 14. dxc5 Bxc5 15. Bc4 b5 16. Bb3 Na5 17. Bf4 Nxb3 18. Qxb3 Bb7 19. Be5 Qe7 20. Nd4 Bd5 21. Qd1 Bxd4 22. Qxd4 Rf7 23. f4 Qa7 1/2-1/2

[Event "Vienna Husek op-A"]
[Site "Vienna"]
[Date "2012.08.18"]
[Round "6"]
[White "Rettore, Ludwig"]
[Black "Wallner, Joachim"]
[Result "1-0"]
[WhiteElo "2139"]
[BlackElo "2332"]
[PlyCount "51"]
[EventDate "2012.08.13"]
[EventType "swiss"]
[EventRounds "7"]
[EventCountry "AUT"]
[SourceTitle "CBM 149 Extra"]
[Source "ChessBase"]
[SourceDate "2012.08.24"]
[SourceVersion "1"]
[SourceVersionDate "2012.08.24"]
[SourceQuality "1"]

1. e4 c5 2. Nf3 e6 3. d4 cxd4 4. Nxd4 Nf6 5. Nc3 d6 6. g4 e5 7. Bb5+ Bd7 8. Bxd7+ Qxd7 9. Nf5 g6 10. Bg5 Ng8 11. Nd5 h6 12. Bf6 Rh7 13. Rg1 Qc6 14. Rg3 Nd7 15. Rc3 Nc5 16. Nfe3 Qd7 17. b4 Ne6 18. Qd3 Rc8 19. Rxc8+ Qxc8 20. a4 Nf4 21. Qb5+ Qc6 22. Qa5 Be7 23. Bxe7 Nxe7 24. Nf6+ Kf8 25. b5 Qc5 26. Nd7+ 1-0

[Event "Vienna Husek op-A"]
[Site "Vienna"]
[Date "2012.08.13"]
[Round "1"]
[White "Dodu, Iulian Laurentiu"]
[Black "Rettore, Ludwig"]
[Result "1-0"]
[WhiteElo "1839"]
[BlackElo "2139"]
[PlyCount "89"]
[EventDate "2012.08.13"]
[EventType "swiss"]
[EventRounds "7"]
[EventCountry "AUT"]
[SourceTitle "EXT 2014"]
[Source "ChessBase"]
[SourceDate "2013.11.20"]
[SourceVersion "1"]
[SourceVersionDate "2013.11.20"]
[SourceQuality "1"]

1. e4 Nf6 2. e5 Nd5 3. d4 d6 4. c4 Nb6 5. Nf3 Bg4 6. Be2 e6 7. 0-0 Be7 8. Bf4 0-0 9. Nc3 N8d7 10. b3 f6 11. exd6 cxd6 12. h3 Bh5 13. g4 Bg6 14. Bd3 Qe8 15. Nb5 e5 16. Nc7 Qf7 17. Nxa8 Nxa8 18. Bxg6 Qxg6 19. Bg3 f5 20. dxe5 fxg4 21. hxg4 Qxg4 22. Nd4 Qg6 23. Nb5 Nxe5 24. Qd5+ Kh8 25. Kg2 Nd3 26. f4 Nxf4+ 27. Rxf4 Rxf4 28. Qxb7 h5 29. Qxa8+ Kh7 30. Kh2 Re4 31. Re1 Bh4 32. Qxe4 Bxg3+ 33. Kh1 Bxe1 34. Qxe1 Qg4 35. Qb1+ g6 36. Qd3 h4 37. Nxd6 h3 38. Qd5 Qg3 39. c5 g5 40. Qf7+ Kh8 41. Qf6+ Kh7 42. Qe7+ Kg8 43. Qe6+ Kh7 44. Qe4+ Kg8 45. Qg6+ 1-0

[Event "ITA-ch sf 72nd"]
[Site "Civitanova Marche"]
[Date "2012.07.21"]
[Round "8"]
[White "Spornberger, Maximilian"]
[Black "Rettore, Ludwig"]
[Result "1-0"]
[WhiteElo "2226"]
[BlackElo "2119"]
[PlyCount "85"]
[EventDate "2012.07.15"]
[EventType "swiss"]
[EventRounds "9"]
[EventCountry "ITA"]
[SourceTitle "EXT 2013"]
[Source "ChessBase"]
[SourceDate "2012.11.22"]
[SourceVersion "1"]
[SourceVersionDate "2012.11.22"]
[SourceQuality "1"]

1. e4 c5 2. c3 Nf6 3. e5 Nd5 4. d4 e6 5. Nf3 cxd4 6. cxd4 d6 7. Bc4 Nb6 8. Bd3 dxe5 9. dxe5 Be7 10. 0-0 Bd7 11. Qe2 Bc6 12. Nc3 Bxf3 13. Qxf3 Nc6 14. Bf4 Nd7 15. Rfd1 Qa5 16. Bb5 Rc8 17. Qh5 Nf8 18. Rd3 Ng6 19. Bg3 a6 20. Bxc6+ Rxc6 21. Rad1 0-0 22. Rd7 b5 23. h4 Rc4 24. R1d4 Rxd4 25. Rxd4 Rd8 26. Qg4 Rxd4 27. Qxd4 Qd8 28. Qxd8+ Bxd8 29. h5 Nf8 30. Ne4 Nd7 31. f4 Nb6 32. Nc5 Nc4 33. b3 Bb6 34. Bf2 Bxc5 35. bxc4 Bxf2+ 36. Kxf2 bxc4 37. Ke3 Kf8 38. Kd4 Ke7 39. Kxc4 Kd7 40. Kc5 Kc7 41. g3 h6 42. a3 f6 43. a4 1-0